000 00506nmm a2200169Ia 4500
008 251105s9999||||xx |||||||||||||||||und||
020 _a9789568601683
041 _aspa
100 _aRoa, Armando
245 0 _aCovers : 36 poetas en lengua inglesa :
_b Edición bilingüe
264 _a[Santiago de Chile, Chile] :
_bUqbar,
_c2010
300 _a277 páginas
490 _aPoesía
650 _aEnglish literature and language
856 _uhttps://public.digitaliapublishing.com/a/21273
942 _cCF
999 _c94748
_d94748